| 000 -LEADER |
| fixed length control field |
01480cam a2200337 4500 |
| 001 - CONTROL NUMBER |
| control field |
1260734 |
| 003 - CONTROL NUMBER IDENTIFIER |
| control field |
ASAB |
| 005 - DATE AND TIME OF LATEST TRANSACTION |
| control field |
20180827062625.0 |
| 008 - FIXED-LENGTH DATA ELEMENTS--GENERAL INFORMATION |
| fixed length control field |
740614s1974 mdua b 101 0 eng |
| 010 ## - LIBRARY OF CONGRESS CONTROL NUMBER |
| LC control number |
74010914 |
| 020 ## - INTERNATIONAL STANDARD BOOK NUMBER |
| International Standard Book Number |
0801815754 |
| 040 ## - CATALOGING SOURCE |
| Original cataloging agency |
DLC |
| Transcribing agency |
ASAB |
| Modifying agency |
DLC |
| 050 00 - LIBRARY OF CONGRESS CALL NUMBER |
| Classification number |
RG626 |
| Item number |
.B63 vol. 10, no. 10 |
| Classification number |
RB155 |
| 060 ## - NATIONAL LIBRARY OF MEDICINE CALL NUMBER |
| Classification number |
W1 BI966 v. 10 no. 10 |
| -- |
QZ50 M489 1972 |
| 082 00 - DEWEY DECIMAL CLASSIFICATION NUMBER |
| Classification number |
616/.043/08 s |
| -- |
616/.042 |
| 245 00 - TITLE STATEMENT |
| Title |
Medical genetics today. |
| Statement of responsibility, etc. |
Editor: Daniel Bergsma. Associate editors: David L. Rimoin [and] R. Neil Schimke. Assistant editor: Natalie W. Paul. |
| 260 ## - PUBLICATION, DISTRIBUTION, ETC. |
| Place of publication, distribution, etc. |
Baltimore, |
| Name of publisher, distributor, etc. |
Johns Hopkins University Press, |
| Date of publication, distribution, etc. |
1974. |
| 300 ## - PHYSICAL DESCRIPTION |
| Extent |
viii, 304 p. |
| Other physical details |
illus. |
| Dimensions |
29 cm. |
| 440 #0 - SERIES STATEMENT/ADDED ENTRY--TITLE |
| Title |
Birth defects original article series, |
| Volume/sequential designation |
v. 10, no. 10 |
| 9 (RLIN) |
1680 |
| 500 ## - GENERAL NOTE |
| General note |
"Published for the National Foundation--March of Dimes." |
| 500 ## - GENERAL NOTE |
| General note |
"Papers presented [at a symposium held] at the Johns Hopkins Hospital, Baltimore, Maryland, June 15 and 16, 1972. Sponsored by the Johns Hopkins Medical Institutions and the National Foundation--March of Dimes." |
| 504 ## - BIBLIOGRAPHY, ETC. NOTE |
| Bibliography, etc. note |
Includes bibliographical references. |
| 650 #0 - SUBJECT ADDED ENTRY--TOPICAL TERM |
| Topical term or geographic name entry element |
Medical genetics |
| General subdivision |
Congresses. |
| 9 (RLIN) |
1681 |
| 650 #2 - SUBJECT ADDED ENTRY--TOPICAL TERM |
| Topical term or geographic name entry element |
Genetics, Human |
| General subdivision |
Congresses. |
| 9 (RLIN) |
1682 |
| 650 #2 - SUBJECT ADDED ENTRY--TOPICAL TERM |
| Topical term or geographic name entry element |
Hereditary diseases |
| General subdivision |
Congresses. |
| 9 (RLIN) |
1683 |
| 700 1# - ADDED ENTRY--PERSONAL NAME |
| Personal name |
Bergsma, Daniel, |
| Relator term |
ed. |
| 9 (RLIN) |
1684 |
| 710 2# - ADDED ENTRY--CORPORATE NAME |
| Corporate name or jurisdiction name as entry element |
Johns Hopkins Hospital. |
| 9 (RLIN) |
1685 |
| 710 2# - ADDED ENTRY--CORPORATE NAME |
| Corporate name or jurisdiction name as entry element |
National Foundation. |
| 9 (RLIN) |
1686 |
| 906 ## - LOCAL DATA ELEMENT F, LDF (RLIN) |
| a |
7 |
| b |
cbc |
| c |
orignew |
| d |
1 |
| e |
ocip |
| f |
19 |
| g |
y-gencatlg |
| 942 ## - ADDED ENTRY ELEMENTS (KOHA) |
| Source of classification or shelving scheme |
|
| Koha item type |
Book |